Normal view
MARC view
- Monuments
Entry Topical Term
001 - CONTROL NUMBER
- control field: 26406
003 - CONTROL NUMBER IDENTIFIER
- control field: NUST
005 - DATE AND TIME OF LATEST TRANSACTION
- control field: 20191203105356.0
008 - FIXED-LENGTH DATA ELEMENTS
- fixed length control field: 191203|| aca||aabn | a|a d
040 ## - CATALOGING SOURCE
- Original cataloging agency: NUST
- Transcribing agency: NUST
150 ## - HEADING--TOPICAL TERM
- Topical term or geographic name entry element: Monuments
670 ## - SOURCE DATA FOUND
- Source citation: Work cat.: (NUST)0: International Symposium on Geotechnical Engineering for the Preservation of Monuments and Historic Sites (1996 : Naples, Italy) 26404, Geotechnical engineering for the preservation of monuments and historic sites :, c2013.
